Rule guidelines (Record no. 66743)

MARC details
000 -LEADER
fixed length control field 00913cam a2200229 4500
001 - CONTROL NUMBER
control field ABS63904
008 - FIXED-LENGTH DATA ELEMENTS--GENERAL INFORMATION
fixed length control field 000000n2001 000 0 eng u
035 ## - SYSTEM CONTROL NUMBER
System control number (Sirsi) u112070
100 ## - MAIN ENTRY--PERSONAL NAME
Personal name Dollar, P.
245 ## - TITLE STATEMENT
Title Rule guidelines
260 ## - PUBLICATION, DISTRIBUTION, ETC.
Date of publication, distribution, etc. 2001
490 ## - SERIES STATEMENT
Series statement HouseBuilder
Volume/sequential designation April 2001, 35-36(2)
520 ## - SUMMARY, ETC.
Summary, etc. Describes the Commonhold and Leasehold Reform Bill currently before parliament which would create a completely new form of title for land. This would be available for both commercial and residential properties and more suited to new developments than existing ones. Tabulates the difference between freehold and commonhold and provides a summary of the commonhold proposals.
590 ## - LOCAL NOTE (RLIN)
Local note ABS
650 ## - SUBJECT ADDED ENTRY--TOPICAL TERM
Topical term or geographic name entry element COMMONHOLD AND LEASEHOLD REFORM BILL
650 ## - SUBJECT ADDED ENTRY--TOPICAL TERM
Topical term or geographic name entry element COMMONHOLD ASSOCIATIONS
650 ## - SUBJECT ADDED ENTRY--TOPICAL TERM
Topical term or geographic name entry element FREEHOLD
650 ## - SUBJECT ADDED ENTRY--TOPICAL TERM
Topical term or geographic name entry element LEASEHOLD
650 ## - SUBJECT ADDED ENTRY--TOPICAL TERM
Topical term or geographic name entry element FLATS
690 ## - LOCAL SUBJECT ADDED ENTRY--TOPICAL TERM (OCLC, RLIN)
Topical term or geographic name as entry element PROPERTY
942 ## - ADDED ENTRY ELEMENTS (KOHA)
Suppress in OPAC 0
Holdings
Withdrawn status Lost status Source of classification or shelving scheme Damaged status Not for loan Home library Current library Shelving location Date acquired Total Checkouts Full call number Barcode Date last seen Copy number Price effective from Koha item type
    Dewey Decimal Classification     London London Journal article 19/04/2001   ABS63904 112070-1001 06/08/2019 1 06/08/2019 Journal article